000 00512nam a2200181Ia 4500
999 _c29340
_d29340
003 OSt
005 20201211100956.0
008 190216s9999||||xx |||||||||||||| ||und||
020 _a9788171304028
040 _coclc
082 _a894.812
_bBAS/S
100 _aBasheer, Vaikom Muhammad
_97034
245 0 _aSarpayajnam /
_cVaikom Muhammad Basheer
260 _bDc Books,
_aKottayam:
_c1994.
300 _a52p
650 _aSahithyam
942 _cBK
_2ddc
_h894.812
_iBAS/S
_k894.812
_mBAS/S